[Event "Barcelona Gotic op 1st"]
[Site "Barcelona"]
[Date "2017.05.02"]
[Round "2"]
[White "Calderon Caballero, Javier"]
[Black "Bernat, Ernest"]
[Result "0-1"]
[WhiteElo "1679"]
[BlackElo "1869"]
[PlyCount "58"]
[EventDate "2017.04.25"]
[EventType "swiss"]
[EventRounds "9"]
[EventCountry "ESP"]
[SourceTitle "EXT 2018"]
[Source "ChessBase"]
[SourceDate "2017.10.13"]
[SourceVersion "1"]
[SourceVersionDate "2017.10.13"]
[SourceQuality "1"]

1. d4 d5 2. c4 c6 3. cxd5 cxd5 4. Nc3 Nf6 5. Nf3 Nc6 6. e3 Bf5 7. g3 e6 8. a3 a6 9. Bg2 b5 10. 0-0 Be7 11. Re1 0-0 12. b4 Rc8 13. Bb2 Qb6 14. Rc1 a5 15. bxa5 Nxa5 16. Nb1 Nc4 17. Qb3 Qa6 18. Nfd2 Bxb1 19. Nxb1 Qa4 20. Qxa4 bxa4 21. Re2 Rb8 22. Rcc2 Rfc8 23. f3 g6 24. e4 Bf8 25. exd5 Nxd5 26. Kf2 Bg7 27. Nd2 Nxb2 28. Rxc8+ Rxc8 29. Ne4 Bxd4+ 0-1